000 00426nam a2200121 a 4500
001 000041289
005 20201002034747.0
008 130927s20uu xxuac 000 0 spa d
040 _aDO-SdBNP
_bspa
_cBNPHU
245 0 0 _aReseña de la geografía de los Estados Unidos /.
260 _a[Estados Unidos ] :
_bSercicio Infarmativo y Cultural de los Estados Unidos de América,
_c[200-?].
300 _a132 p. ; :
_bil., retrs. ;
_c21 cm.
999 _c40779
_d40779